| 000 | 00510nam a2200181Ia 4500 | ||
|---|---|---|---|
| 008 | 240925s9999 xx 000 0 und d | ||
| 020 | _a442222610 | ||
| 082 | _a005.13 ELF | ||
| 100 | _aElfring, Gray | ||
| 245 | 0 | _aMicrocomputer Assembly Language Programming | |
| 250 | _aNA | ||
| 260 |
_aWokingham: _bVan Nostrand Reinhold _c,1984. |
||
| 300 |
_axi,468p. _bNA _fOriginal |
||
| 500 | _aIncludes Index | ||
| 600 | _aComputer Science | ||
| 650 | _aComputer science, information & general works | ||
| 942 | _cBK | ||
| 999 |
_c3170 _d3170 |
||